| 000 | 01210cab a2200409 4500 | ||
|---|---|---|---|
| 001 | ABS46789 | ||
| 008 | 090401t1992 xxu||||| |||| 00| 0 eng d | ||
| 035 | _a(Sirsi) u59487 | ||
| 041 | _aeng | ||
| 100 | _aRyland, D. | ||
| 245 | _aEC leasing practices: Germany, France, Netherlands and Belgium. | ||
| 260 | _c1992 | ||
| 350 | _a0 | ||
| 490 |
_aEstates Gazette _v(9226) 4 July 1992, 110-112(3) |
||
| 520 | _aFirst of two articles summarising the principle terms of European leases. This article looks at Germany, France, Netherlands and Belgium. | ||
| 650 | _aAGBG | ||
| 650 | _aBAILS EMPHYTHEOTIQUES | ||
| 650 | _aBGP | ||
| 650 | _aBUSINESS TENANCIES | ||
| 650 | _aDECREE NO 53-390 | ||
| 650 |
_aDilapidations _96235 |
||
| 650 | _aFORFEITURE | ||
| 650 | _aGERMAN CIVIL CODE | ||
| 650 | _aKEY MONEY | ||
| 650 | _aLANDESZENTRALBANK | ||
| 650 | _aPROFESSIONAL LEASES | ||
| 650 | _aREPAIRS | ||
| 650 | _aSECURITY OF TENURE | ||
| 650 | _aSUBLETTING | ||
| 650 | _aTERMINATION OF LEASE | ||
| 650 | _aTURNOVER RENTS | ||
| 650 | _aVERGLEICHSMITENPRINZZIP | ||
| 690 | _aLANDLORD AND TENANT-BUSINESS TENANCIES | ||
| 690 | _aOVERSEAS-EUROPE | ||
| 942 | _n0 | ||
| 948 | _c04/03/1997 | ||
| 999 |
_c36502 _d36502 |
||